[Event "La Zubia Villa 1st"]
[Site "La Zubia"]
[Date "2011.12.04"]
[Round "3.4"]
[White "Rojas Guerrero, Luis"]
[Black "Ortiz Gomez, Jose Manuel"]
[Result "1-0"]
[WhiteElo "1697"]
[BlackElo "1315"]
[PlyCount "97"]
[EventDate "2011.12.03"]
[EventType "swiss"]
[EventRounds "6"]
[EventCountry "ESP"]
[SourceTitle "EXT 2024"]
[Source "ChessBase"]
[SourceDate "2023.10.10"]
[SourceVersion "1"]
[SourceVersionDate "2023.10.10"]
[SourceQuality "1"]

1. d4 d5 2. c4 e6 3. Nc3 Nf6 4. Nf3 Bb4 5. Bg5 h6 6. Bh4 g5 7. Bg3 Ne4 8. Qc2 f5 9. e3 Nc6 10. cxd5 exd5 11. Bb5 Nxg3 12. hxg3 Bd7 13. 0-0 Ne7 14. Bxd7+ Qxd7 15. Ne5 Qd8 16. Qa4+ c6 17. Qxb4 b6 18. Rac1 Rc8 19. Qa4 Rc7 20. b4 0-0 21. Qb3 Kg7 22. a4 Rf6 23. b5 h5 24. Nxc6 Nxc6 25. bxc6 Rfxc6 26. Ne2 Qd7 27. Rc3 Rh6 28. Rxc7 Qxc7 29. Qxd5 Rf6 30. Qe5 Qf7 31. Rc1 Kg6 32. Rc7 Qf8 33. Nc3 Rf7 34. Rxf7 Qxf7 35. Nd5 g4 36. Ne7+ Kg5 37. Qf4+ Kf6 38. Nxf5 Kg6 39. Nh4+ Kg7 40. Qg5+ Kf8 41. Ng6+ Ke8 42. Qxh5 Kd8 43. Qh8+ Kc7 44. Qh5 Qd7 45. Ne5 Qxa4 46. Qxg4 b5 47. Qd7+ Kb6 48. Qc6+ Ka5 49. g4 1-0